[Event "Izmir op 10th"]
[Site "Izmir"]
[Date "2011.09.02"]
[Round "3"]
[White "Ersahin, Bulent"]
[Black "Bozbiyik, Tunca"]
[Result "1-0"]
[WhiteElo "2160"]
[BlackElo "1834"]
[PlyCount "118"]
[EventDate "2011.09.01"]
[EventType "swiss"]
[EventRounds "9"]
[EventCountry "TUR"]
[SourceTitle "CBM 144 Extra"]
[Source "ChessBase"]
[SourceDate "2011.10.28"]
[SourceVersion "1"]
[SourceVersionDate "2011.10.28"]
[SourceQuality "1"]

1. d4 Nf6 2. c4 e6 3. Nf3 d5 4. g3 Be7 5. Bg2 dxc4 6. 0-0 c6 7. Ne5 0-0 8. Nc3 a6 9. a4 Nbd7 10. Nxc4 Nb6 11. Ne5 c5 12. dxc5 Bxc5 13. Qb3 Nbd7 14. Nd3 Ba7 15. Bf4 Qb6 16. Qa3 Re8 17. a5 Qd8 18. Rad1 Qe7 19. Bd6 Qd8 20. h3 Bb8 21. Ne5 Bxd6 22. Rxd6 Qc7 23. Nxd7 Bxd7 24. Rfd1 Red8 25. Qb4 Rab8 26. Qb6 Qxb6 27. Rxb6 Kf8 28. Bxb7 Ke7 29. Bxa6 Rxb6 30. axb6 Rb8 31. b7 Bc6 32. Rd4 Ne8 33. Rc4 Kd7 34. Rb4 Nc7 35. Bd3 Rxb7 36. Rxb7 Bxb7 37. f4 Kd6 38. Kf2 h6 39. b4 e5 40. Bc4 exf4 41. gxf4 f6 42. h4 Bc6 43. e4 g5 44. e5+ fxe5 45. fxg5 hxg5 46. hxg5 Ne8 47. Bb5 Bxb5 48. Nxb5+ Kc6 49. Nc3 Ng7 50. Ke3 Kd6 51. Ke4 Nh5 52. Kf5 Ng7+ 53. Kf6 Nh5+ 54. Kf7 Kc6 55. Kg6 Nf4+ 56. Kf5 Kd6 57. g6 Nxg6 58. Kxg6 e4 59. Nxe4+ Kd5 1-0